Quiz de Culture Générale - Niveau Difficile - Statistiques

Statistiques générales
  • Ce quiz a été pris 239 fois
  • Le résultat moyen est 5 sur 15
Statistiques - réponses
Questions Réponses % Correct
Quelle bataille a marqué la fin de Napoléon Bonaparte en 1815 ? La bataille de Waterloo
94%
Quel compositeur a écrit Les Quatre Saisons ? Antonio Vivaldi
83%
Quel est le mot le plus long de la langue française (hors termes scientifiques) ? Anticonstitutionnellement
73%
Quelle est la capitale de la Mongolie ? Oulan-Bator
66%
Quel philosophe a écrit Le Banquet et La République ? Platon
40%
Quelle entreprise a inventé le premier microprocesseur commercial en 1971 ? Intel (Intel 4004)
25%
Quel est l’élément chimique dont le symbole est W ? Le tungstène
25%
Dans la mythologie nordique, quel est le nom du loup qui doit tuer Odin lors du Ragnarök ? Fenrir
22%
Qui fut le premier président de la République française ? Louis-Napoléon Bonaparte (1848-1852)
21%
Quel joueur détient le record du plus grand nombre de buts marqués en Coupe du Monde de football ? Miroslav Klose (16 buts, Allemagne)
18%
Qui est l’auteur du roman Ulysse, souvent considéré comme l’un des plus difficiles de la littérature anglaise ? James Joyce
13%
Quelle est la plus grande lune du système solaire ? Ganymède (satellite de Jupiter)
12%
Quelle est la valeur approximative du nombre d’or (φ) ? Environ 1,618
11%
Quel film a remporté l’Oscar du meilleur film en 1972 ? French Connection de William Friedkin
3%
Dans quel musée se trouve La Jeune Fille à la perle de Johannes Vermeer ? Mauritshuis, à La Haye (Pays-Bas)
1%
Aucun quiz correspondant
Distribution des résultats
% des personnes avec chaque résultat
Percentile par nombre de réponses
Votre historique - résultats
Vous n’avez pas pris ce quiz